00716cam a2200217u 450000100060000000300080000600500170001400800390003103500190007004000330008904100080012208200160013010000400014624500350018626000460022130000200026765000440028794200120033199900170034395201380036022825BD-RjUL20211209000846.0140309s1929 nyu 000 0 eng a(BD-RjUL)22890 aDLCcCarPdDLCdBD-RjULbeng aeng a822.91bMAE1 aMasefield, John,d1878-1967.95332010aEaster :ba play for singers / aNew York :bThe Macmillan company,c1929. a24 p. ;c25 cm. a Easter -- Juvenile literature. 970386 2ddccBK c22825d22825 00102ddc40728FICaRUCLbRUCLcReadingd1964-03-21eZeitlingerg2.00l0o822.91 MAE 1929r2014-03-09 00:00:00tC-1w2014-03-09yBK